[Event "Moscow Dvorkovich Cup U16 5th"]
[Site "Moscow"]
[Date "2010.07.07"]
[Round "12"]
[White "Khachykian, David"]
[Black "Adamowicz, Katarzyna"]
[Result "1/2-1/2"]
[WhiteElo "2171"]
[BlackElo "2123"]
[PlyCount "195"]
[EventDate "2010.07.01"]
[EventType "team-tourn"]
[EventRounds "14"]
[EventCountry "RUS"]
[SourceTitle "CBM 137 Extra"]
[Source "ChessBase"]
[SourceDate "2010.09.01"]
[SourceVersion "1"]
[SourceVersionDate "2010.09.01"]
[SourceQuality "1"]

1. c4 e5 2. g3 Nf6 3. Bg2 d5 4. cxd5 Nxd5 5. Nc3 Nb6 6. Nf3 Nc6 7. 0-0 Be7 8. d3 0-0 9. Be3 Be6 10. a3 f6 11. Na4 Nxa4 12. Qxa4 Qd7 13. Rfd1 Rad8 14. Qb5 a6 15. Qa4 Nd4 16. Qxd7 Rxd7 17. Nxd4 exd4 18. Bf4 Bb3 19. Rdc1 c6 20. Bd2 Re8 21. Bf3 Bf8 22. Bb4 Bxb4 23. axb4 Re5 24. Rc5 Rde7 25. Kf1 Kf8 26. Raa5 Ke8 27. Be4 Bg8 28. f4 Rxe4 29. dxe4 b6 30. Rxa6 bxc5 31. Ra8+ Kf7 32. bxc5 Rb7 33. Rc8 Rxb2 34. e5 fxe5 35. fxe5 Rc2 36. e6+ Kxe6 37. Rxg8 Rxc5 38. Rxg7 Rh5 39. h4 Kd5 40. Ke1 Kc4 41. Kd2 c5 42. Rd7 Rh6 43. Rg7 Rh5 44. e3 Kd5 45. Rf7 Ke4 46. Rf4+ Kd5 47. exd4 cxd4 48. Kd3 Kc5 49. Rf7 Kd5 50. Rd7+ Kc5 51. Rc7+ Kd6 52. Ra7 Ke6 53. Kxd4 Kf6 54. Rb7 Kg6 55. Rb6+ Kg7 56. Rb7+ Kg6 57. Rb6+ Kg7 58. Ke4 Ra5 59. g4 Ra4+ 60. Kf5 Ra5+ 61. Kf4 Ra4+ 62. Kf5 Ra5+ 63. Ke6 Ra4 64. Rb7+ Kg6 65. h5+ Kh6 66. Kf5 Ra5+ 67. Kf4 Ra4+ 68. Kg3 Ra3+ 69. Kh4 Ra4 70. Rb6+ Kg7 71. Rb7+ Kh6 72. Rb6+ Kg7 73. h6+ Kg8 74. Kg5 Ra1 75. Rb8+ Kf7 76. Rb7+ Kg8 77. Kh5 Rh1+ 78. Kg5 Ra1 79. Rc7 Rb1 80. Rg7+ Kh8 81. Rd7 Kg8 82. Kh4 Rh1+ 83. Kg5 Ra1 84. Rd5 Rf1 85. Rf5 Ra1 86. Kh5 Rh1+ 87. Kg5 Ra1 88. Rb5 Rc1 89. Kf6 Rc6+ 90. Kg5 Rc1 91. Rb8+ Kf7 92. Kh5 Rh1+ 93. Kg5 Ra1 94. Rb6 Kg8 95. Rc6 Kf7 96. Rc8 Ra5+ 97. Kh4 Kg6 98. Rc6+ 1/2-1/2

[Event "Moscow Dvorkovich Cup U16 5th"]
[Site "Moscow"]
[Date "2010.07.05"]
[Round "7"]
[White "Gabuzyan, Hovhannes"]
[Black "Khachykian, David"]
[Result "0-1"]
[WhiteElo "2266"]
[BlackElo "2171"]
[PlyCount "222"]
[EventDate "2010.07.01"]
[EventType "team-tourn"]
[EventRounds "14"]
[EventCountry "RUS"]
[SourceTitle "CBM 137 Extra"]
[Source "ChessBase"]
[SourceDate "2010.09.01"]
[SourceVersion "1"]
[SourceVersionDate "2010.09.01"]
[SourceQuality "1"]

1. e4 c5 2. Nf3 Nc6 3. Bb5 g6 4. Bxc6 dxc6 5. d3 Bg7 6. h3 Nf6 7. Nc3 Nd7 8. Be3 e5 9. Qd2 Qe7 10. Bh6 f6 11. Bxg7 Qxg7 12. Ne2 Nf8 13. 0-0 Ne6 14. b4 0-0 15. bxc5 Nxc5 16. Qc3 Qe7 17. Nd2 b6 18. a4 Ba6 19. a5 Rfd8 20. axb6 axb6 21. Rfb1 Bb5 22. Qb4 Ra4 23. Rxa4 Bxa4 24. Ra1 b5 25. Ra2 Qd6 26. Nb1 Kg7 27. Nbc3 h5 28. f4 Rd7 29. fxe5 fxe5 30. Kh2 Rd8 31. Qb2 Rf8 32. Ra1 Qe7 33. Re1 Qg5 34. Rg1 Rf2 35. d4 Ne6 36. Qb4 exd4 37. Nxa4 bxa4 38. Qd6 Rxe2 39. Qxe6 Qf4+ 40. Kh1 Qxe4 41. Qd7+ Kh6 42. Qd8 Qe5 43. Qf8+ Qg7 44. Qf4+ Kh7 45. Rb1 Qe7 46. Qxd4 a3 47. Ra1 a2 48. Kh2 Qc7+ 49. Kh1 Qe7 50. Kh2 Rxc2 51. Rf1 Re2 52. Ra1 Rc2 53. Qf4 Re2 54. Qd4 Qe5+ 55. Qxe5 Rxe5 56. Rxa2 c5 57. Ra7+ Kh6 58. Rc7 Kg5 59. Rc6 Kf5 60. Kg3 g5 61. Kf3 g4+ 62. hxg4+ hxg4+ 63. Kf2 Ke4 64. Kg3 Kd5 65. Rc8 Re4 66. Kh4 Kd4 67. Kg5 c4 68. Kf5 Re2 69. g3 c3 70. Kxg4 Re5 71. Kf3 Kd3 72. g4 Re3+ 73. Kf2 Re4 74. g5 Rg4 75. Rc5 c2 76. Rd5+ Kc3 77. Rc5+ Kb2 78. Kf3 Rxg5 79. Rxg5 c1Q 80. Rg2+ Kc3 81. Kg3 Qe3+ 82. Kh2 Kd4 83. Rg4+ Ke5 84. Rg3 Qf2+ 85. Rg2 Qh4+ 86. Kg1 Qe1+ 87. Kh2 Kf4 88. Rg8 Qe2+ 89. Rg2 Qh5+ 90. Kg1 Qc5+ 91. Kh2 Kf3 92. Rg3+ Kf2 93. Rg2+ Kf3 94. Rg3+ Kf4 95. Rg2 Qe3 96. Rf2+ Kg4 97. Rg2+ Kh4 98. Rf2 Qd4 99. Kg2 Qg4+ 100. Kf1 Qd1+ 101. Kg2 Kg4 102. Kh2 Qd5 103. Rg2+ Kf3 104. Kg1 Qc5+ 105. Kh2 Qh5+ 106. Kg1 Qh4 107. Ra2 Qg5+ 108. Kh1 Qh6+ 109. Kg1 Qg6+ 110. Kh2 Qh7+ 111. Kg1 Qg8+ 0-1

[Event "Moscow Dvorkovich Cup U16 4th"]
[Site "Moscow"]
[Date "2009.06.25"]
[Round "9"]
[White "Khachykian, David"]
[Black "Aghasaryan, Robert"]
[Result "0-1"]
[WhiteElo "2139"]
[BlackElo "2249"]
[PlyCount "140"]
[EventDate "2009.06.20"]
[EventType "team-tourn"]
[EventRounds "14"]
[EventCountry "RUS"]
[SourceTitle "CBM 131 Extra"]
[Source "ChessBase"]
[SourceDate "2009.09.03"]
[SourceVersion "2"]
[SourceVersionDate "2009.09.16"]
[SourceQuality "1"]

1. c4 c6 2. Nf3 d5 3. b3 Nf6 4. Bb2 Bf5 5. g3 e6 6. Bg2 Nbd7 7. 0-0 h6 8. d3 Be7 9. Nbd2 0-0 10. Re1 Bh7 11. a3 a5 12. Bc3 Qb6 13. Qc1 Bc5 14. d4 Be7 15. Qb2 Ne4 16. Nxe4 Bxe4 17. Nd2 Bxg2 18. Kxg2 Nf6 19. f3 a4 20. c5 Qb5 21. b4 Rad8 22. Qc2 Ne8 23. e4 dxe4 24. fxe4 e5 25. Nf3 exd4 26. Nxd4 Qc4 27. Nf5 Bg5 28. Rad1 Rxd1 29. Rxd1 Bf6 30. Nd4 Nc7 31. Qd3 Qxd3 32. Rxd3 Rd8 33. Rd2 Nb5 34. Nxb5 Rxd2+ 35. Bxd2 cxb5 36. Bc1 Kf8 37. Kf3 Ke7 38. Ke2 Ke6 39. Kd3 Ba1 40. h3 h5 41. Kc2 f5 42. Kd3 Be5 43. exf5+ Kxf5 44. g4+ hxg4 45. hxg4+ Kxg4 46. Ke4 Bg3 47. Kd5 Kf5 48. c6 b6 49. Be3 Bc7 50. Bf2 g5 51. Be1 g4 52. Bf2 Kf6 53. Bd4+ Kf5 54. Bf2 Kf6 55. Bh4+ Kf7 56. Bf2 Ke7 57. Bh4+ Ke8 58. Bf2 Kd8 59. Ke4 g3 60. Be3 Ke7 61. Kd5 g2 62. Bf2 Kd8 63. Ke6 Kc8 64. Bg1 Bg3 65. Kd5 Kc7 66. Ke4 Kxc6 67. Kf3 Be5 68. Kxg2 Bb2 69. Be3 Bxa3 70. Bd2 Bb2 0-1

[Event "Moscow Dvorkovich Cup U16 4th"]
[Site "Moscow"]
[Date "2009.06.23"]
[Round "8"]
[White "Khachykian, David"]
[Black "Krzyzanowski, Marcin"]
[Result "1/2-1/2"]
[WhiteElo "2139"]
[BlackElo "2272"]
[PlyCount "107"]
[EventDate "2009.06.20"]
[EventType "team-tourn"]
[EventRounds "14"]
[EventCountry "RUS"]
[SourceTitle "CBM 131 Extra"]
[Source "ChessBase"]
[SourceDate "2009.09.03"]
[SourceVersion "2"]
[SourceVersionDate "2009.09.16"]
[SourceQuality "1"]

1. c4 c6 2. Nf3 d5 3. b3 Nf6 4. Bb2 Bf5 5. g3 e6 6. Bg2 Be7 7. d3 h6 8. 0-0 0-0 9. Nbd2 Nbd7 10. Re1 Bh7 11. Qc2 a5 12. a3 Qb6 13. Bc3 Rfe8 14. Qb2 Bc5 15. Rf1 e5 16. d4 exd4 17. Nxd4 Bf8 18. cxd5 Nxd5 19. Nc4 Qc5 20. Bxd5 Qxd5 21. Rad1 Qh5 22. Nf3 Nc5 23. Nce5 Bf5 24. Rfe1 Ne4 25. Nd3 Nxc3 26. Qxc3 Bxd3 27. Rxd3 Bxa3 28. Qc2 Qc5 29. Rc3 Qb5 30. Nd4 Qh5 31. Rd3 Rad8 32. Red1 Rd5 33. Nf3 Red8 34. Kg2 Rxd3 35. Rxd3 Rxd3 36. Qxd3 Qd5 37. Qc2 Bb4 38. e4 Qd6 39. Nh4 g6 40. Nf3 b5 41. h4 c5 42. h5 g5 43. e5 Qd5 44. Qf5 Qe6 45. Qd3 c4 46. bxc4 bxc4 47. Qe4 Bc3 48. Qc2 Bxe5 49. Nxe5 Qxe5 50. Qxc4 Kg7 51. Qa4 Qd5+ 52. Kg1 Qe5 53. Kg2 Qc3 54. Kg1 1/2-1/2

[Event "Moscow Dvorkovich Cup U16 4th"]
[Site "Moscow"]
[Date "2009.06.21"]
[Round "3"]
[White "Nyzhnyk, Illya"]
[Black "Khachykian, David"]
[Result "0-1"]
[WhiteElo "2499"]
[BlackElo "2139"]
[PlyCount "120"]
[EventDate "2009.06.20"]
[EventType "team-tourn"]
[EventRounds "14"]
[EventCountry "RUS"]
[SourceTitle "CBM 131 Extra"]
[Source "ChessBase"]
[SourceDate "2009.09.03"]
[SourceVersion "2"]
[SourceVersionDate "2009.09.16"]
[SourceQuality "1"]

1. d4 d5 2. c4 e6 3. Nf3 c6 4. Nbd2 f5 5. Qc2 Bd6 6. g3 Nf6 7. Bg2 0-0 8. b3 b6 9. Bb2 Bb7 10. 0-0 Nbd7 11. Rac1 Rc8 12. Ne5 Qe7 13. Nd3 c5 14. e3 Rc7 15. dxc5 Nxc5 16. Nxc5 Bxc5 17. Bxf6 Qxf6 18. cxd5 Bxd5 19. Bxd5 exd5 20. Nf3 Rd7 21. Qd3 Rfd8 22. Rfd1 a5 23. Rc2 Rd6 24. Rcd2 Bb4 25. Re2 Bc5 26. Kg2 R6d7 27. Nd4 g6 28. Nc2 Qe7 29. f3 Kf7 30. Nd4 Qf6 31. Nb5 Qe7 32. Nc3 Kg8 33. Na4 Kf7 34. Rc1 Rc7 35. Rec2 Qd6 36. a3 Rdd7 37. Nxc5 bxc5 38. Rd1 Qb6 39. Rcd2 Qe6 40. e4 fxe4 41. fxe4 dxe4 42. Qxd7+ Rxd7 43. Rxd7+ Ke8 44. R7d2 Qxb3 45. Re1 Qf3+ 46. Kg1 Qxa3 47. Rxe4+ Kf7 48. Rc2 Qa1+ 49. Kg2 Qa3 50. Rec4 Kg7 51. Rxc5 Qd3 52. R5c3 Qe4+ 53. Kf2 a4 54. Rc7+ Kh6 55. R2c4 Qf5+ 56. Ke3 Qe5+ 57. Kd3 Qd5+ 58. Kc3 Qf3+ 59. Kd4 a3 60. Ra4 Qg4+ 0-1

[Event "Moscow Dvorkovich Cup U16 4th"]
[Site "Moscow"]
[Date "2009.06.20"]
[Round "1"]
[White "Oparin, Grigoriy"]
[Black "Khachykian, David"]
[Result "0-1"]
[WhiteElo "2257"]
[BlackElo "2139"]
[PlyCount "200"]
[EventDate "2009.06.20"]
[EventType "team-tourn"]
[EventRounds "14"]
[EventCountry "RUS"]
[SourceTitle "CBM 131 Extra"]
[Source "ChessBase"]
[SourceDate "2009.09.03"]
[SourceVersion "2"]
[SourceVersionDate "2009.09.16"]
[SourceQuality "1"]

1. e4 c5 2. Nf3 Nc6 3. Nc3 e5 4. Bc4 Be7 5. d3 d6 6. Nd2 Nf6 7. Nf1 Bg4 8. f3 Be6 9. Ne3 0-0 10. 0-0 a6 11. a4 Nb4 12. Bd5 Nfxd5 13. exd5 Bd7 14. a5 b6 15. axb6 Qxb6 16. Ne2 Qb7 17. c4 f5 18. Nc3 Bf6 19. Kh1 Rae8 20. Qe2 Re7 21. Na2 Nxa2 22. Rxa2 e4 23. dxe4 fxe4 24. fxe4 Rxe4 25. Qd3 Rfe8 26. b3 Rd4 27. Qb1 Qb6 28. Raf2 Rde4 29. Qd3 Qd8 30. Rf3 Qe7 31. Bd2 Rd4 32. Qc2 Qe4 33. Bc3 Rd3 34. Bxf6 gxf6 35. Rg3+ Kh8 36. Qf2 f5 37. Nd1 Rxg3 38. Qxg3 Qe5 39. Qf3 Re7 40. h3 Re8 41. Nf2 Qe2 42. Nd3 Qxf3 43. Rxf3 Rb8 44. Nf4 Re8 45. Kh2 Kg7 46. Kg3 a5 47. Kf2 Re7 48. Re3 Rxe3 49. Kxe3 Kf6 50. Nd3 a4 51. bxa4 Bxa4 52. Kf4 Bc2 53. Nb2 h6 54. g3 Bb3 55. Ke3 Ke5 56. Kd3 Ba2 57. Ke3 Bb1 58. Na4 Ba2 59. Nb2 Bb3 60. Kd3 Ba2 61. Na4 Bb1+ 62. Ke3 Kf6 63. Kf4 Bd3 64. Nb2 Bc2 65. Ke3 Kg5 66. Kd2 Be4 67. Ke3 Bg2 68. h4+ Kg4 69. Kf2 Be4 70. Na4 f4 71. gxf4 Kxh4 72. Nc3 Bd3 73. Nb5 Bxc4 74. Nxd6 Bxd5 75. Nf5+ Kh5 76. Ne3 Bb3 77. f5 Kg5 78. Ke2 h5 79. Kd3 h4 80. Ke2 Ba4 81. Kf2 Bc6 82. Kg1 Be4 83. Kf2 Bxf5 84. Nd5 Be6 85. Nc3 Kf4 86. Ne2+ Kg4 87. Nc3 c4 88. Ne4 Kf4 89. Nc3 Ke5 90. Ne2 Ke4 91. Nc3+ Kd3 92. Na4 Kd4 93. Ke2 h3 94. Kf2 c3 95. Nxc3 Kxc3 96. Kg3 Kd4 97. Kh2 Ke4 98. Kg3 Bd7 99. Kh2 Kf3 100. Kg1 Kg3 0-1

[Event "Wch U14"]
[Site "Kemer"]
[Date "2007.11.27"]
[Round "10"]
[White "Belous, Vladimir"]
[Black "Khachykian, David"]
[Result "1-0"]
[WhiteElo "2283"]
[BlackElo "2114"]
[PlyCount "145"]
[EventDate "2007.11.18"]
[EventType "swiss"]
[EventRounds "11"]
[EventCountry "TUR"]
[SourceTitle "CBM 121 Extra"]
[Source "ChessBase"]
[SourceDate "2008.01.10"]
[SourceVersion "1"]
[SourceVersionDate "2008.01.10"]
[SourceQuality "1"]

1. c4 c5 2. Nf3 g6 3. g3 Bg7 4. Bg2 Nc6 5. Nc3 e5 6. d3 Nge7 7. Nd2 0-0 8. Nf1 d6 9. Ne3 a6 10. Ned5 Rb8 11. a4 Nxd5 12. Nxd5 Be6 13. h4 h5 14. Bg5 f6 15. Be3 Ne7 16. Nc3 a5 17. Bd2 d5 18. Qb3 d4 19. Ne4 b6 20. 0-0-0 Qd7 21. Rdg1 Nf5 22. Bh3 Nh6 23. Bg2 Nf7 24. f3 f5 25. Nf2 Nd6 26. Qd1 Rbe8 27. Nh3 Bf6 28. Bg5 Bg7 29. Bd2 Bf6 30. Bh6 Rf7 31. Bg5 Bg7 32. Bd2 Bf6 33. g4 fxg4 34. fxg4 Bxg4 35. Nf2 Be6 36. Be4 Nxe4 37. Rxg6+ Rg7 38. Rxg7+ Bxg7 39. Nxe4 Bg4 40. Rf1 Rf8 41. Rxf8+ Kxf8 42. Bg5 Qf5 43. Kd2 Qe6 44. Qf1+ Ke8 45. Qg2 Qd7 46. b3 Kf7 47. Nf2 Bf5 48. Nh1 Bh3 49. Qf3+ Kg6 50. Ng3 Qg4 51. Qf2 Qe6 52. Kd1 Bf6 53. Bxf6 Qxf6 54. Qxf6+ Kxf6 55. Nxh5+ Kf5 56. Ke1 Bg4 57. Ng3+ Kf4 58. Kf2 Be6 59. h5 Kg5 60. Kf3 Bf7 61. Ke4 Kg4 62. Nf5 Bxh5 63. Kxe5 Kh3 64. e3 Bd1 65. exd4 Bxb3 66. dxc5 bxc5 67. Kd5 Bxa4 68. Ne3 Kg3 69. Kxc5 Kf3 70. Nd5 Bb3 71. Kd4 Ba4 72. Kc3 Kg4 73. c5 1-0

[Event "Wch U14"]
[Site "Kemer"]
[Date "2007.11.25"]
[Round "8"]
[White "Khachykian, David"]
[Black "Aghasaryan, Robert"]
[Result "1-0"]
[WhiteElo "2114"]
[BlackElo "2201"]
[PlyCount "79"]
[EventDate "2007.11.18"]
[EventType "swiss"]
[EventRounds "11"]
[EventCountry "TUR"]
[SourceTitle "CBM 121 Extra"]
[Source "ChessBase"]
[SourceDate "2008.01.10"]
[SourceVersion "1"]
[SourceVersionDate "2008.01.10"]
[SourceQuality "1"]

1. c4 e6 2. Nf3 d5 3. d4 c6 4. Qc2 Nf6 5. Nbd2 b6 6. g3 Bb7 7. Bg2 Nbd7 8. e4 dxe4 9. Nxe4 c5 10. Nxf6+ Nxf6 11. 0-0 cxd4 12. Rd1 Be7 13. Nxd4 Bxg2 14. Kxg2 Qd7 15. Kg1 0-0 16. Nf5 Qb7 17. Nxe7+ Qxe7 18. b3 Rfd8 19. Bb2 Rxd1+ 20. Rxd1 Rd8 21. Rxd8+ Qxd8 22. b4 Nd7 23. Bd4 Qc7 24. a4 f6 25. Qe2 e5 26. Be3 Qc6 27. a5 e4 28. Bd4 f5 29. axb6 axb6 30. Qa2 Kf8 31. Qb3 b5 32. cxb5 Qxb5 33. Qe6 g6 34. Be3 f4 35. Bxf4 g5 36. Bd6+ Kg7 37. Qe7+ Kg8 38. Qxe4 Qa4 39. Qd5+ Kh8 40. b5 1-0

[Event "Wch U14"]
[Site "Kemer"]
[Date "2007.11.19"]
[Round "2"]
[White "Khachykian, David"]
[Black "Ipatov, Alexander"]
[Result "0-1"]
[WhiteElo "2114"]
[BlackElo "2265"]
[PlyCount "98"]
[EventDate "2007.11.18"]
[EventType "swiss"]
[EventRounds "11"]
[EventCountry "TUR"]
[SourceTitle "CBM 121 Extra"]
[Source "ChessBase"]
[SourceDate "2008.01.10"]
[SourceVersion "1"]
[SourceVersionDate "2008.01.10"]
[SourceQuality "1"]

1. c4 e5 2. g3 Nc6 3. Bg2 Nf6 4. Nc3 Bb4 5. e4 Bxc3 6. bxc3 d6 7. Ne2 0-0 8. 0-0 a6 9. a4 Ne8 10. Rb1 Rb8 11. f4 exf4 12. Nxf4 Ne5 13. d3 c6 14. Be3 g5 15. Ne2 c5 16. Qd2 h6 17. Rbd1 Be6 18. Qc1 Qe7 19. h4 f6 20. a5 Ng7 21. Qd2 Rf7 22. Rde1 Qc7 23. Ra1 Rbf8 24. d4 Nxc4 25. Qd3 Nxa5 26. d5 Bd7 27. c4 b5 28. Bd2 Nxc4 29. Rxa6 Ne5 30. Qe3 b4 31. Rc1 Bb5 32. Raa1 Qb7 33. Bf1 f5 34. hxg5 hxg5 35. Be1 f4 36. gxf4 gxf4 37. Qf2 Nd3 38. Qf3 Ne5 39. Qf2 f3 40. Ng3 Bxf1 41. Kxf1 Ng4 42. Qb2 Qb5+ 43. Kg1 f2+ 44. Bxf2 Rxf2 45. Rc2 Rxc2 46. Qxc2 c4 47. Nf5 Nxf5 48. exf5 Qc5+ 49. Kh1 Qxd5+ 0-1

[Event "EU-ch U14"]
[Site "Herceg Novi"]
[Date "2005.09.17"]
[Round "4"]
[White "Matlakov, Maxim"]
[Black "Khachykian, David"]
[Result "1-0"]
[WhiteElo "2399"]
[BlackElo "2001"]
[PlyCount "53"]
[EventDate "2005.09.14"]
[EventType "swiss"]
[EventRounds "9"]
[EventCountry "YUG"]
[SourceTitle "CBM 108 Extra"]
[Source "ChessBase"]
[SourceDate "2005.11.04"]
[SourceVersion "1"]
[SourceVersionDate "2005.11.04"]
[SourceQuality "1"]

1. d4 d5 2. c4 e6 3. Nc3 c6 4. e4 dxe4 5. Nxe4 Bb4+ 6. Bd2 Qxd4 7. Bxb4 Qxe4+ 8. Be2 Na6 9. Ba5 b6 10. Qd6 Bd7 11. Bc3 Nf6 12. Nf3 Qf5 13. Ne5 Nc5 14. f3 Nb7 15. Qd2 Qh5 16. 0-0-0 Rd8 17. g4 Qh4 18. Qe3 h6 19. Be1 Nxg4 20. Nxg4 Qe7 21. Ne5 Bc8 22. Bc3 Qc5 23. Qxc5 Rxd1+ 24. Rxd1 Nxc5 25. Nxc6 0-0 26. Nxa7 Bb7 27. Nb5 1-0

[Event "Minsk Inautomarket op"]
[Site "Minsk"]
[Date "2005.07.16"]
[Round "7"]
[White "Lutsko, Igor"]
[Black "Khachykian, David"]
[Result "1-0"]
[WhiteElo "2487"]
[BlackElo "2001"]
[PlyCount "90"]
[EventDate "2005.07.06"]
[EventType "swiss"]
[EventRounds "9"]
[EventCountry "BLR"]
[SourceTitle "CBM 107 Extra"]
[Source "ChessBase"]
[SourceDate "2005.09.01"]
[SourceVersion "1"]
[SourceVersionDate "2005.09.01"]
[SourceQuality "1"]

1. Nf3 c5 2. g3 g6 3. Bg2 Bg7 4. 0-0 Nf6 5. d3 d5 6. Nbd2 Nc6 7. e4 e5 8. exd5 Nxd5 9. Nc4 0-0 10. Re1 Re8 11. c3 f6 12. a4 Be6 13. Nfd2 Qe7 14. f4 Rad8 15. fxe5 fxe5 16. Qe2 h6 17. a5 Kh7 18. Ne4 Bg8 19. Bd2 Rd7 20. Bh3 Rdd8 21. Bg2 b6 22. axb6 axb6 23. Ra6 Qc7 24. h4 Nb8 25. Ra8 b5 26. Ne3 Nb6 27. Raa1 c4 28. dxc4 Nxc4 29. Bc1 Nxe3 30. Qxe3 Re7 31. Nf6+ Kh8 32. Nxg8 Kxg8 33. Be4 Qd6 34. Qe2 b4 35. Qc4+ Kh8 36. Qxb4 Qe6 37. Be3 Red7 38. Bg2 Kh7 39. Qe4 h5 40. c4 Rc7 41. b3 Nd7 42. Qd5 Qe7 43. Ra8 Rxa8 44. Qxa8 Qb4 45. Rb1 Bf8 1-0